01031nam a2200193 a 4500001001000000003000900010005001700019008004100036020001500077040002500092082001600117111018000133245009200313260007000405300002000475500007300495505023100568700003800799000006560DO-SdBNP20240305082246.0090901s2006 dr 001 0 spa d a994585495X aDO-SdBNPbspacBNPHU axxxxbC568c2 aCiclo de coferencia organizado por la Fundación Joaquín Balaguer con motivo del primer Centenario del natalicio del Dr. Joaquín Balaguerd(2006: abr. 21cSanto Domingo )13aEl joven poeta y periodista Joaquín Balaguer (1922-1929) /cFernando Pérez Memén. aSanto Domingo :bFundación Joaquín Balaguer ;bBúho,c2006. a83 p. ;c22 cm. aIncluye referencias bibliográficas y notas al pie de las páginas1 aInicio de su labor literaria y periodística-- Periodismo y literatura -- Santiago : vida social y económica -- Vida intelectual de Santiago -- Labor de Balaguer en la información -- Balaguer, abanderado del nacionalismo.1 aPérez Memén, Fernando,d1943-